000 00239 a2200097 4500
001 52176
100 _aMuhammad Tufail
245 _aNaqoosh Rasool Number (Vol-Dehhem)
260 _aLahore
_bIdara-e-Farogh-e-Urdu
_c
090 _c32839
_d32839
942 _aNUST-CAE
_cM
_c25379
999 _c287249
_d287249